00471 2200181 4500001002100000008004100021035002000062245005200082250001000134260003600144300002200180020001800202084001600220082001000236650002100246990001100267990001100278INLIS000000000001005 Ind  a0010-0722000554 aSejarah Perjuangan Pangeran DiponegorocPurwadi aCet.1 aYogyakartabTunas Harapanc2005 a398c14,5 x 21 cm a9789791117852 a959.8 PUR s a959.8 aSejarah Pahlawan aDI.300 aDI.299